|
|
|
|
| LEADER |
00903nab#a2200301#ar4500 |
| 001 |
000035366 |
| 003 |
SVKKK |
| 005 |
20070503091903.0 |
| 008 |
030616c xo e sloo |
| FMT |
|
|
|
| 038 |
|
|
|a SVKKK
|
| 040 |
|
|
|a SVKKK
|b slo
|e AACR2
|
| 041 |
0 |
|
|a slo
|
| 044 |
|
|
|a xo
|c SK
|
| 080 |
|
|
|a 745/74
|2 1981
|
| 080 |
|
|
|a 82.0
|2 1981
|
| 100 |
1 |
|
|a Malák, Ladislav
|4 rev
|
| 245 |
1 |
0 |
|a Svet zázračnej zručnosti ľudských rúk, umu a vynaliezavosti v podobe remesiel
|c Malák Ladislav
|
| 300 |
|
|
|b Fotogr.
|
| 650 |
0 |
4 |
|a remeslá ľudové
|z Slovensko východné
|x katalógy
|x recenzie
|
| 773 |
0 |
|
|t Košický denník
|g Roč. 2, č. 96 (2000), dát. 0426, s. 5
|
| 787 |
0 |
8 |
|i Recenze na:
|t Remeslá na východnom Slovensku a v Poľsku
|d Tulčík : Obecný úrad, 2000
|
| 957 |
|
|
|a Slovensko východné
|
| 974 |
|
|
|d 001129
|a SAB
|
| 992 |
|
|
|a RBX
|
| BAS |
|
|
|
| 852 |
|
|
|a SVKKK
|b BIB
|
| 998 |
|
|
|a REG
|